Statistics for Game of Thrones - Arya's Kill List

Click here to take the quiz!

General Stats

  • This quiz has been taken 1,556 times
  • The average score is 5 of 13

Answer Stats

HintAnswer% Correct
RoyaltyQueen Cersei
95%
Tough GuySandor Clegane
92%
RoyaltyKing Joffrey
90%
KnightSer Gregor
79%
KnightSer Ilyn Payne
58%
TorturerThe Tickler
35%
KnightSer Meryn Trant
33%
TorturerPolliver
28%
TorturerRaff the Sweetling
11%
KnightSer Amory Lorch
10%
TorturerDunsen
5%
TorturerWeese
5%
TorturerChyswyck
4%

Score Distribution

Percentile by Number Answered

Percent of People with Each Score

Your Score History

You have not taken this quiz